Viaje a la Alcarria / (Registro nro. 59219)
[ vista simple ]
| 000 -CABECERA | |
|---|---|
| Longitud fija campo de control | 00903cam a2200313 a 4500 |
| 003 - • IDENTIFICADOR DELl NÚMERO DE CONTROL | |
| Identificador del número de control | CO-BoRNBP |
| 005 - • FECHA Y HORA DE LA ÚLTIMA TRANSACCIÓN | |
| Fecha y hora de la última transacción | 20250919194438.0 |
| 007 - • CAMPO FIJO DE DESCRIPCIÓN FÍSICA | |
| Campo fijo de descripción física | ta |
| 008 - • CÓDIGOS DE INFORMACIÓN DE LONGITUD FIJA | |
| Códigos de información de longitud fija | 000718s1994 sp r 00010dspa d |
| 020 ## - • NÚMERO INTERNACIONAL NORMALIZADO PARA LIBROS | |
| Número Internacional Normalizado para Libros (ISBN) | 8447300463 |
| 040 ## - FUENTE DE LA CATALOGACIÓN | |
| Centro catalogador de origen | la |
| Centro transcriptor | la |
| 041 0# - • CÓDIGO DE LENGUA | |
| Código de lengua del texto/banda sonora o título independiente | spa |
| 043 ## - CÓDIGO DE ÁREA GEOGRÁFICA | |
| Código de área geográfica | e-sp--- |
| 082 04 - • NÚMERO DE LA CLASIFICACIÓN DECIMAL DEWEY | |
| Número de clasificación (R) | 914.6464 |
| Número del ítem | C35v8 |
| Número de edición | 19 ed. |
| 084 ## - • Clasificación Local Alfanúmerica PNLB | |
| Número de clasificación | N CEL |
| 100 1# - • PUNTO DE ACCESO PRINCIPAL-NOMBRE DE PERSONA | |
| Nombre de persona | Cela, Camilo José, |
| Fechas asociadas al nombre | 1916-2002. |
| 245 10 - • TITULO PROPIAMENTE DICHO | |
| Título | Viaje a la Alcarria / |
| Mención de responsabilidad, etc. | Camilo José Cela. |
| 250 ## - • MENCIÓN DE EDICIÓN | |
| Mención de edición | Primera edición |
| 264 ## - PRODUCCIÓN, PUBLICACIÓN , DISTRIBUCIÓN, FABRICACIÓN Y COPYRIGHT | |
| Lugar de producción, publicación, distribución, fabricación | Barcelona, España |
| Nombre del productor, editor, distribuidor, fabricante | RBA editores |
| Fecha de de producción, publicación, distribución, fabricación o copyright | 1993 |
| 300 ## - • DESCRIPCIÓN FÍSICA | |
| Extensión | 220 p. ; |
| Dimensiones | 20 cm. |
| 336 ## - TIPO DE CONTENIDO | |
| Fuente | rdacontent |
| Término de tipo de contenido | texto |
| Código de tipo de contenido | txt |
| 337 ## - TIPO DE MEDIO | |
| Fuente | rdamedia |
| Nombre del tipo de medio | sin mediación |
| Código del tipo de medio | n |
| 338 ## - TIPO DE SOPORTE | |
| Fuente | rdacarrier |
| Nombre del tipo de soporte | volumen |
| Código del tipo de soporte | nc |
| 650 #7 - • PUNTO DE ACCESO ADICIONAL DE MATERIA - TÉRMINO DE MATERIA | |
| Término de materia o nombre geográfico como elemento inicial | Literatura española |
| Subdivisión de materia general | Crónicas de viajes. |
| Fuente del encabezamiento o término | BLAAUTO |
| 651 #7 - • PUNTO DE ACCESO ADICIONAL DE MATERIA - NOMBRE GEOGRÁFICO | |
| Nombre geográfico | Alcarria (España) |
| Subdivisión de materia general | Descripciones y viajes. |
| 942 ## - ENTRADA DE ELEMENTOS AGREGADOS (KOHA) | |
| Fuente de clasificaión o esquema | Dewey Decimal Classification |
| Koha [por defecto] tipo de item | LIbro |
| 949 ## - TRATAMIENTO DE LA INFORMACIÓN LOCAL (OCLC) | |
| a | n |
| b | n |
| Perdido | Fuente de clasificación o esquema | Estado Físico | No para préstamo | Forma de adquisición | Localización permanente | Localización actual | Localización en estanterías | Fecha adquisición | Préstamos totales | Signatura completa | Código de barras | Fecha última consulta | Número de copia | Fecha del precio de reemplazo | Tipo de item de Koha | Note pública |
|---|---|---|---|---|---|---|---|---|---|---|---|---|---|---|---|---|
| Clasificación Local Facetada | Literatura General | Biblioteca Pública San Juanito - Ernesto Maria Peña Romero | Biblioteca Pública San Juanito - Ernesto Maria Peña Romero | Literatura | 02/17/2026 | N CEL1 | SJU02594 | 02/17/2026 | Ej.1 | 02/17/2026 | Libro Literatura | Donación Claudia Lucía Castiblanco Pérez |